| 000 | 00496nam a2200169 a 4500 | ||
|---|---|---|---|
| 001 | 000031701 | ||
| 005 | 20200930063121.0 | ||
| 008 | 110630nuuuuuuuudr a 000 | spa d | ||
| 040 |
_aDO-SdBNP _bspa _cBNPHU |
||
| 082 |
_axxx _bB935b |
||
| 100 | 1 |
_aBullaude, José _950194 |
|
| 245 | 1 | 0 |
_aBases de la comunicación humana / _cJosé Bullaude. |
| 260 |
_a[Santo Domingo] : _b[s. n.], _c[19--?]. |
||
| 300 |
_a15 p. : _bil. ; _c23 cm. |
||
| 504 | _aIncluye referencias bibliográficas | ||
| 049 | _aBNPD | ||
| 999 |
_c31193 _d31193 |
||